Point set theory

Main Author: Morgan, 1938-
Published: New York: M. Dekker, 1990..
Series:Monographs and textbooks in pure and applied mathematics ; v.131
Subjects:
LEADER 00569cam a2200169 7i4500
001 0000020903
005 20020324090000.0
020 # 0 |a 0824781783 (alk. paper)  
090 0 0 |a QA 603   |b P752 
100 1 # |a Morgan,   |c 1938-  
245 1 0 |a Point set theory   |c John C. Morgan II. 
260 # # |a New York:   |b M. Dekker,   |c 1990.. 
300 # # |a viii, 279 p.;   |c 24 cm.. 
490 0 0 |a Monographs and textbooks in pure and applied mathematics ; v.131 
504 0 0 |a Includes bibliographical references (p. 251-275). 
650 0 0 |a Point set theory.  
999 |a 1100005895  |b Book  |c Open Shelf  |e KOLEKSI TERBUKA